000 00547nam a2200241Ia 4500
005 20260306145558.0
008 008 260114s9999 xx 000 0 eng d
020 _a9783050095134
037 _aEbook
040 _aCRL
040 _beng
040 _cCRL
041 _2eng
041 _aeng
084 _qCRL
245 0 _aZur Krise der Demokratie
260 _bDe Gruyter (A)
260 _c2015
650 _aPhilosophy
856 _uhttps://www.degruyter.com/isbn/9783050095134
942 _cEBOOK
999 _c1689250
_d1689250